[Event "Grand Swiss "]
[Date "2025.09.06"]
[White "Sevian, Samuel"]
[Black "Sargissian, Gabriel"]
[WhiteElo "2692"]
[BlackElo "2626"]
[Round "3.3.23"]
[Result "1/2-1/2"]

1. e4 {[%clk 01:40:51] [%emt 00:00:08]} e5 {[%clk 01:40:55] [%emt 00:00:06]} 2.
Nf3 {[%clk 01:41:13] [%emt 00:00:08]} Nc6 {[%clk 01:41:19] [%emt 00:00:05]} 3.
Bc4 {[%clk 01:41:32] [%emt 00:00:12]} Nf6 {[%clk 01:41:42] [%emt 00:00:07]} 4.
d3 {[%clk 01:41:43] [%emt 00:00:19]} Be7 {[%clk 01:41:47] [%emt 00:00:24]} 5.
O-O {[%clk 01:42:02] [%emt 00:00:12]} O-O {[%clk 01:41:53] [%emt 00:00:24]} 6.
Re1 {[%clk 01:42:12] [%emt 00:00:19]} d6 {[%clk 01:41:41] [%emt 00:00:43]} 7. a4
{[%clk 01:42:19] [%emt 00:00:23]} Be6 {[%clk 01:42:00] [%emt 00:00:10]} 8. Bxe6
{[%clk 01:42:42] [%emt 00:00:08]} fxe6 {[%clk 01:42:19] [%emt 00:00:11]} 9. c3
{[%clk 01:43:07] [%emt 00:00:05]} a5 {[%clk 01:41:35] [%emt 00:01:14]} 10. Na3
{[%clk 01:32:57] [%emt 00:10:40]} Qe8 {[%clk 01:37:03] [%emt 00:05:02]} 11. Qb3
{[%clk 01:28:39] [%emt 00:04:48]} Qd7 {[%clk 01:35:54] [%emt 00:01:39]} 12. Nc4
{[%clk 01:20:48] [%emt 00:08:21]} Nh5 {[%clk 01:16:04] [%emt 00:20:20]} 13. Be3
{[%clk 01:15:20] [%emt 00:05:58]} b6 {[%clk 00:59:13] [%emt 00:17:22]} 14. d4
{[%clk 00:58:36] [%emt 00:17:14]} exd4 {[%clk 00:54:19] [%emt 00:05:23]} 15.
Nxd4 {[%clk 00:58:55] [%emt 00:00:11]} Nxd4 {[%clk 00:48:29] [%emt 00:06:21]}
16. cxd4 {[%clk 00:58:18] [%emt 00:01:07]} Nf6 {[%clk 00:43:37] [%emt 00:05:21]}
17. Bg5 {[%clk 00:50:49] [%emt 00:07:59]} d5 {[%clk 00:37:29] [%emt 00:06:38]}
18. Ne5 {[%clk 00:38:28] [%emt 00:12:50]} Qd6 {[%clk 00:36:12] [%emt 00:01:47]}
19. exd5 {[%clk 00:37:35] [%emt 00:01:24]} Nxd5 {[%clk 00:31:23] [%emt
00:05:20]} 20. Bxe7 {[%clk 00:33:32] [%emt 00:04:32]} Nxe7 {[%clk 00:29:47]
[%emt 00:02:05]} 21. Rad1 {[%clk 00:32:28] [%emt 00:01:35]} Nd5 {[%clk 00:25:57]
[%emt 00:04:19]} 22. g3 {[%clk 00:29:57] [%emt 00:03:01]} Rad8 {[%clk 00:25:10]
[%emt 00:01:17]} 23. Re2 {[%clk 00:28:39] [%emt 00:01:50]} Nb4 {[%clk 00:22:54]
[%emt 00:02:45]} 24. Rc1 {[%clk 00:24:30] [%emt 00:04:38]} Rfe8 {[%clk 00:20:32]
[%emt 00:02:52]} 25. Re4 {[%clk 00:23:49] [%emt 00:01:12]} Nd5 {[%clk 00:16:08]
[%emt 00:04:54]} 26. Rc4 {[%clk 00:19:28] [%emt 00:04:51]} Qf8 {[%clk 00:14:13]
[%emt 00:02:24]} 27. Qc2 {[%clk 00:17:04] [%emt 00:02:54]} Qf5 {[%clk 00:13:36]
[%emt 00:01:08]} 28. Qe2 {[%clk 00:17:21] [%emt 00:00:14]} Rd6 {[%clk 00:12:09]
[%emt 00:01:55]} 29. Kg2 {[%clk 00:15:52] [%emt 00:01:59]} Qf6 {[%clk 00:11:20]
[%emt 00:01:18]} 30. h4 {[%clk 00:16:01] [%emt 00:00:23]} Qd8 {[%clk 00:11:21]
[%emt 00:00:28]} 31. h5 {[%clk 00:15:04] [%emt 00:01:29]} h6 {[%clk 00:09:12]
[%emt 00:02:39]} 32. Rg4 {[%clk 00:11:48] [%emt 00:03:46]} Rf8 {[%clk 00:07:16]
[%emt 00:02:25]} 33. Ng6 {[%clk 00:07:21] [%emt 00:04:57]} Rf6 {[%clk 00:04:54]
[%emt 00:02:53]} 34. Re4 {[%clk 00:07:17] [%emt 00:00:34]} Qe8 {[%clk 00:04:34]
[%emt 00:00:48]} 35. Re5 {[%clk 00:06:24] [%emt 00:01:25]} Qf7 {[%clk 00:04:04]
[%emt 00:01:00]} 36. Rc1 {[%clk 00:05:31] [%emt 00:01:23]} Rd8 {[%clk 00:02:02]
[%emt 00:02:31]} 37. Re1 {[%clk 00:02:10] [%emt 00:03:51]} Rd6 {[%clk 00:02:27]
[%emt 00:00:06]} 38. Kg1 {[%clk 00:01:39] [%emt 00:01:00]} Rf5 {[%clk 00:01:41]
[%emt 00:01:16]} 39. Qa6 {[%clk 00:00:53] [%emt 00:01:16]} Rd8 {[%clk 00:01:28]
[%emt 00:00:44]} 40. Qe2 {[%clk 00:00:33] [%emt 00:00:50]} Rxe5 {[%clk 00:01:13]
[%emt 00:00:44]} 41. Qxe5 {[%clk 00:39:38] [%emt 00:11:25]} Rd6 {[%clk 00:39:35]
[%emt 00:12:05]} 42. Rc1 {[%clk 00:39:07] [%emt 00:01:03]} Rd8 {[%clk 00:38:56]
[%emt 00:01:08]} 43. Re1 {[%clk 00:31:59] [%emt 00:07:39]} Rd6 {[%clk 00:39:01]
[%emt 00:00:25]} 44. Rc1 {[%clk 00:32:23] [%emt 00:00:06]} Rd8 {[%clk 00:39:25]
[%emt 00:00:05]} 45. Rc6 {[%clk 00:27:35] [%emt 00:05:19]} Re8 {[%clk 00:39:13]
[%emt 00:00:41]} 46. b3 {[%clk 00:27:28] [%emt 00:00:38]} Qf5 {[%clk 00:37:17]
[%emt 00:02:23]} 47. Kg2 {[%clk 00:25:47] [%emt 00:02:13]} Qf7 {[%clk 00:34:40]
[%emt 00:03:07]} 48. Rc1 {[%clk 00:23:41] [%emt 00:02:37]} Qd7 {[%clk 00:32:30]
[%emt 00:02:39]} 49. Rc2 {[%clk 00:20:40] [%emt 00:03:32]} b5 {[%clk 00:29:42]
[%emt 00:03:18]} 50. axb5 {[%clk 00:18:43] [%emt 00:02:26]} Qxb5 {[%clk
00:30:07] [%emt 00:00:05]} 51. Rc5 {[%clk 00:18:49] [%emt 00:00:24]} 1/2-1/2

[Site "Europe Echecs"]

[Event "Grand Swiss "]
[Date "2025.09.06"]
[White "Ponomariov, Ruslan"]
[Black "Van Foreest, Jorden"]
[WhiteElo "2622"]
[BlackElo "2692"]
[Round "3.3.24"]
[Result "1/2-1/2"]

1. e4 {[%clk 01:40:57] [%emt 00:00:01]} e5 {[%clk 01:40:50] [%emt 00:00:10]} 2.
Nf3 {[%clk 01:41:05] [%emt 00:00:22]} Nc6 {[%clk 01:41:04] [%emt 00:00:16]} 3.
Bb5 {[%clk 01:40:20] [%emt 00:01:15]} a6 {[%clk 01:41:26] [%emt 00:00:08]} 4.
Ba4 {[%clk 01:40:42] [%emt 00:00:09]} Nf6 {[%clk 01:41:48] [%emt 00:00:06]} 5.
O-O {[%clk 01:40:36] [%emt 00:00:36]} d6 {[%clk 01:42:07] [%emt 00:00:12]} 6.
Bxc6+ {[%clk 01:34:02] [%emt 00:07:04]} bxc6 {[%clk 01:42:26] [%emt 00:00:10]}
7. d4 {[%clk 01:34:02] [%emt 00:00:31]} exd4 {[%clk 01:42:06] [%emt 00:00:49]}
8. Qxd4 {[%clk 01:30:59] [%emt 00:03:33]} Be7 {[%clk 01:42:23] [%emt 00:00:13]}
9. e5 {[%clk 01:29:27] [%emt 00:02:02]} c5 {[%clk 01:42:23] [%emt 00:00:29]} 10.
Qd3 {[%clk 01:29:06] [%emt 00:00:51]} dxe5 {[%clk 01:40:30] [%emt 00:02:23]} 11.
Qxd8+ {[%clk 01:28:28] [%emt 00:01:08]} Bxd8 {[%clk 01:40:24] [%emt 00:00:36]}
12. Nxe5 {[%clk 01:28:53] [%emt 00:00:06]} Nd5 {[%clk 01:38:17] [%emt 00:02:36]}
13. Nd3 {[%clk 01:03:45] [%emt 00:25:38]} Be7 {[%clk 01:34:50] [%emt 00:03:57]}
14. Re1 {[%clk 00:53:53] [%emt 00:10:23]} Be6 {[%clk 01:30:41] [%emt 00:04:39]}
15. Nf4 {[%clk 00:53:27] [%emt 00:00:56]} Nxf4 {[%clk 01:29:42] [%emt 00:01:30]}
16. Bxf4 {[%clk 00:53:30] [%emt 00:00:27]} O-O-O {[%clk 01:22:40] [%emt
00:07:31]} 17. Nc3 {[%clk 00:53:28] [%emt 00:00:31]} Kb7 {[%clk 01:15:06] [%emt
00:08:05]} 18. Ne4 {[%clk 00:50:49] [%emt 00:03:09]} Rhe8 {[%clk 01:07:38] [%emt
00:07:58]} 19. f3 {[%clk 00:45:02] [%emt 00:06:17]} h6 {[%clk 01:03:14] [%emt
00:04:54]} 20. Be5 {[%clk 00:39:59] [%emt 00:05:33]} Bf8 {[%clk 01:01:57] [%emt
00:01:48]} 21. Bc3 {[%clk 00:40:24] [%emt 00:00:05]} f6 {[%clk 01:00:01] [%emt
00:02:26]} 22. Kf2 {[%clk 00:37:56] [%emt 00:02:58]} Kc6 {[%clk 00:59:41] [%emt
00:00:49]} 23. h3 {[%clk 00:31:14] [%emt 00:07:12]} Bf7 {[%clk 00:53:59] [%emt
00:06:13]} 24. Re2 {[%clk 00:29:55] [%emt 00:01:48]} f5 {[%clk 00:45:43] [%emt
00:08:46]} 25. Nd2 {[%clk 00:28:17] [%emt 00:02:08]} Rxe2+ {[%clk 00:43:27]
[%emt 00:02:46]} 26. Kxe2 {[%clk 00:28:12] [%emt 00:00:35]} g5 {[%clk 00:43:12]
[%emt 00:00:43]} 27. Re1 {[%clk 00:25:59] [%emt 00:02:42]} Bd6 {[%clk 00:37:53]
[%emt 00:05:49]} 28. Kf2 {[%clk 00:23:54] [%emt 00:02:35]} c4 {[%clk 00:33:09]
[%emt 00:05:14]} 29. Re2 {[%clk 00:22:19] [%emt 00:02:05]} h5 {[%clk 00:33:04]
[%emt 00:00:35]} 30. Bf6 {[%clk 00:20:07] [%emt 00:02:41]} Rb8 {[%clk 00:31:24]
[%emt 00:02:11]} 31. b3 {[%clk 00:19:54] [%emt 00:00:44]} cxb3 {[%clk 00:28:21]
[%emt 00:03:33]} 32. axb3 {[%clk 00:19:28] [%emt 00:00:56]} Rg8 {[%clk 00:24:15]
[%emt 00:04:36]} 33. Be7 {[%clk 00:19:03] [%emt 00:00:55]} a5 {[%clk 00:24:09]
[%emt 00:00:36]} 34. Bxd6 {[%clk 00:18:20] [%emt 00:01:13]} Kxd6 {[%clk
00:24:05] [%emt 00:00:35]} 35. Re1 {[%clk 00:14:52] [%emt 00:03:58]} Ra8 {[%clk
00:19:09] [%emt 00:05:26]} 36. Ra1 {[%clk 00:14:45] [%emt 00:00:36]} Kc5 {[%clk
00:18:50] [%emt 00:00:49]} 37. Ra4 {[%clk 00:13:03] [%emt 00:02:12]} Be8 {[%clk
00:18:08] [%emt 00:01:13]} 38. b4+ {[%clk 00:12:02] [%emt 00:01:31]} Kb5 {[%clk
00:16:11] [%emt 00:02:26]} 39. Rxa5+ {[%clk 00:12:19] [%emt 00:00:14]} Rxa5
{[%clk 00:16:37] [%emt 00:00:04]} 40. bxa5 {[%clk 00:12:44] [%emt 00:00:05]}
Kxa5 {[%clk 00:17:01] [%emt 00:00:06]} 41. g4 {[%clk 00:12:24] [%emt 00:00:50]}
fxg4 {[%clk 00:16:15] [%emt 00:01:16]} 1/2-1/2

[Site "Europe Echecs"]

[Event "Grand Swiss "]
[Date "2025.09.06"]
[White "Santos Latasa, Jaime"]
[Black "Deac, Bogdan-Daniel"]
[WhiteElo "2620"]
[BlackElo "2674"]
[Round "3.3.26"]
[Result "1/2-1/2"]

1. d4 {[%clk 01:40:57] [%emt 00:00:02]} Nf6 {[%clk 01:40:57] [%emt 00:00:03]} 2.
c4 {[%clk 01:41:09] [%emt 00:00:19]} e6 {[%clk 01:41:24] [%emt 00:00:03]} 3. Nc3
{[%clk 01:41:14] [%emt 00:00:25]} Bb4 {[%clk 01:41:50] [%emt 00:00:03]} 4. e3
{[%clk 01:41:39] [%emt 00:00:06]} O-O {[%clk 01:41:59] [%emt 00:00:21]} 5. Bd3
{[%clk 01:42:05] [%emt 00:00:05]} d5 {[%clk 01:42:20] [%emt 00:00:08]} 6. a3
{[%clk 01:41:52] [%emt 00:00:44]} Bxc3+ {[%clk 01:41:13] [%emt 00:01:37]} 7.
bxc3 {[%clk 01:41:54] [%emt 00:00:29]} dxc4 {[%clk 01:41:36] [%emt 00:00:07]} 8.
Bxc4 {[%clk 01:42:19] [%emt 00:00:04]} c5 {[%clk 01:41:47] [%emt 00:00:19]} 9.
Nf3 {[%clk 01:42:44] [%emt 00:00:05]} Qa5 {[%clk 01:39:39] [%emt 00:02:38]} 10.
Bd2 {[%clk 01:39:40] [%emt 00:03:35]} Ne4 {[%clk 01:37:19] [%emt 00:02:49]} 11.
O-O {[%clk 01:32:42] [%emt 00:07:28]} Nxd2 {[%clk 01:36:49] [%emt 00:01:00]} 12.
Qxd2 {[%clk 01:32:29] [%emt 00:00:43]} Nd7 {[%clk 01:34:54] [%emt 00:02:24]} 13.
Qc2 {[%clk 01:24:58] [%emt 00:08:02]} Qc7 {[%clk 01:26:02] [%emt 00:09:20]} 14.
Bd3 {[%clk 01:21:26] [%emt 00:04:03]} h6 {[%clk 01:25:19] [%emt 00:01:12]} 15.
a4 {[%clk 01:20:11] [%emt 00:01:46]} b6 {[%clk 01:23:02] [%emt 00:02:46]} 16.
Qe2 {[%clk 01:16:09] [%emt 00:04:32]} Bb7 {[%clk 01:21:46] [%emt 00:01:46]} 17.
Ba6 {[%clk 01:10:47] [%emt 00:05:52]} Rab8 {[%clk 01:12:14] [%emt 00:10:00]} 18.
Bxb7 {[%clk 01:09:24] [%emt 00:01:55]} Qxb7 {[%clk 01:01:12] [%emt 00:11:32]}
19. h3 {[%clk 01:07:13] [%emt 00:02:41]} Rfc8 {[%clk 01:00:51] [%emt 00:00:50]}
20. Rfb1 {[%clk 01:03:19] [%emt 00:04:24]} cxd4 {[%clk 00:58:14] [%emt
00:03:06]} 21. cxd4 {[%clk 01:03:45] [%emt 00:00:05]} Rc3 {[%clk 00:58:20] [%emt
00:00:22]} 22. Rc1 {[%clk 00:59:11] [%emt 00:05:06]} Rbc8 {[%clk 00:57:34] [%emt
00:01:15]} 23. Rxc3 {[%clk 00:59:36] [%emt 00:00:07]} Rxc3 {[%clk 00:58:01]
[%emt 00:00:02]} 24. Qb5 {[%clk 00:59:44] [%emt 00:00:23]} Qc8 {[%clk 00:52:54]
[%emt 00:05:36]} 25. Ne5 {[%clk 00:54:40] [%emt 00:05:34]} Nxe5 {[%clk 00:44:12]
[%emt 00:09:12]} 26. Qxe5 {[%clk 00:54:39] [%emt 00:00:31]} g6 {[%clk 00:43:12]
[%emt 00:01:30]} 27. a5 {[%clk 00:49:31] [%emt 00:05:38]} Rc1+ {[%clk 00:38:58]
[%emt 00:04:43]} 28. Rxc1 {[%clk 00:49:56] [%emt 00:00:07]} Qxc1+ {[%clk
00:39:25] [%emt 00:00:02]} 29. Kh2 {[%clk 00:50:19] [%emt 00:00:06]} bxa5 {[%clk
00:38:32] [%emt 00:01:23]} 30. Qxa5 {[%clk 00:50:37] [%emt 00:00:13]} Qb2 {[%clk
00:38:55] [%emt 00:00:05]} 31. Qxa7 {[%clk 00:50:57] [%emt 00:00:13]} Qxf2
{[%clk 00:39:21] [%emt 00:00:04]} 32. Qb8+ {[%clk 00:51:21] [%emt 00:00:05]} Kg7
{[%clk 00:39:03] [%emt 00:00:48]} 33. Qe5+ {[%clk 00:51:41] [%emt 00:00:10]}
1/2-1/2

[Site "Europe Echecs"]

[Event "Grand Swiss "]
[Date "2025.09.06"]
[White "Aryan Chopra"]
[Black "Tabatabaei, M. Amin"]
[WhiteElo "2619"]
[BlackElo "2673"]
[Round "3.3.27"]
[Result "1/2-1/2"]

1. e4 {[%clk 01:40:57] [%emt 00:00:03]} d6 {[%clk 01:40:53] [%emt 00:00:07]} 2.
d4 {[%clk 01:41:21] [%emt 00:00:06]} Nf6 {[%clk 01:41:17] [%emt 00:00:05]} 3.
Nc3 {[%clk 01:41:46] [%emt 00:00:06]} g6 {[%clk 01:41:42] [%emt 00:00:04]} 4.
Nf3 {[%clk 01:41:53] [%emt 00:00:23]} Bg7 {[%clk 01:42:05] [%emt 00:00:07]} 5.
Be2 {[%clk 01:42:20] [%emt 00:00:04]} O-O {[%clk 01:42:22] [%emt 00:00:12]} 6.
O-O {[%clk 01:42:46] [%emt 00:00:05]} Nc6 {[%clk 01:42:46] [%emt 00:00:06]} 7.
d5 {[%clk 01:40:15] [%emt 00:03:02]} Ne5 {[%clk 01:42:48] [%emt 00:00:27]} 8.
Nxe5 {[%clk 01:36:43] [%emt 00:04:02]} dxe5 {[%clk 01:42:26] [%emt 00:00:52]} 9.
Bc4 {[%clk 01:31:48] [%emt 00:05:25]} Ne8 {[%clk 01:41:52] [%emt 00:01:03]} 10.
f3 {[%clk 01:29:58] [%emt 00:02:22]} Nd6 {[%clk 01:40:19] [%emt 00:02:02]} 11.
Bb3 {[%clk 01:30:25] [%emt 00:00:04]} f5 {[%clk 01:38:29] [%emt 00:02:19]} 12.
a4 {[%clk 01:26:40] [%emt 00:04:16]} a5 {[%clk 01:20:56] [%emt 00:18:03]} 13.
Be3 {[%clk 01:18:33] [%emt 00:08:37]} b6 {[%clk 01:19:38] [%emt 00:01:47]} 14.
Qd3 {[%clk 01:16:01] [%emt 00:03:02]} Ba6 {[%clk 00:52:52] [%emt 00:27:17]} 15.
Nb5 {[%clk 01:16:23] [%emt 00:00:08]} fxe4 {[%clk 00:53:13] [%emt 00:00:09]} 16.
fxe4 {[%clk 01:16:47] [%emt 00:00:06]} Bxb5 {[%clk 00:53:39] [%emt 00:00:04]}
17. axb5 {[%clk 01:16:57] [%emt 00:00:21]} Qd7 {[%clk 00:53:29] [%emt 00:00:40]}
18. c4 {[%clk 01:09:04] [%emt 00:08:22]} h5 {[%clk 00:48:06] [%emt 00:05:53]}
19. Bc2 {[%clk 01:02:40] [%emt 00:06:55]} Kh7 {[%clk 00:47:58] [%emt 00:00:38]}
20. Bd2 {[%clk 01:03:01] [%emt 00:00:08]} e6 {[%clk 00:28:45] [%emt 00:19:44]}
21. Bc3 {[%clk 00:47:47] [%emt 00:15:44]} Rad8 {[%clk 00:25:40] [%emt 00:03:35]}
22. Rad1 {[%clk 00:38:50] [%emt 00:09:27]} exd5 {[%clk 00:21:33] [%emt
00:04:37]} 23. Rxf8 {[%clk 00:32:23] [%emt 00:06:57]} Rxf8 {[%clk 00:21:16]
[%emt 00:00:47]} 24. Qxd5 {[%clk 00:32:48] [%emt 00:00:05]} Qg4 {[%clk 00:19:29]
[%emt 00:02:16]} 25. Qd3 {[%clk 00:27:17] [%emt 00:06:01]} Qf4 {[%clk 00:16:23]
[%emt 00:03:34]} 26. Qg3 {[%clk 00:27:36] [%emt 00:00:12]} Qf6 {[%clk 00:07:04]
[%emt 00:09:49]} 27. b3 {[%clk 00:18:09] [%emt 00:09:57]} h4 {[%clk 00:04:42]
[%emt 00:02:52]} 28. Qe1 {[%clk 00:18:35] [%emt 00:00:04]} Bh6 {[%clk 00:04:57]
[%emt 00:00:14]} 29. Rd3 {[%clk 00:17:53] [%emt 00:01:12]} Qe7 {[%clk 00:05:08]
[%emt 00:00:19]} 30. Rh3 {[%clk 00:10:09] [%emt 00:08:14]} Bg5 {[%clk 00:05:31]
[%emt 00:00:06]} 31. Qe2 {[%clk 00:08:11] [%emt 00:02:29]} Nb7 {[%clk 00:04:48]
[%emt 00:01:14]} 32. Rf3 {[%clk 00:06:38] [%emt 00:02:03]} Rxf3 {[%clk 00:04:15]
[%emt 00:01:02]} 33. Qxf3 {[%clk 00:07:04] [%emt 00:00:04]} Nc5 {[%clk 00:03:56]
[%emt 00:00:49]} 34. g3 {[%clk 00:06:45] [%emt 00:00:49]} Ne6 {[%clk 00:03:10]
[%emt 00:01:16]} 35. Kg2 {[%clk 00:06:33] [%emt 00:00:43]} Bf6 {[%clk 00:03:12]
[%emt 00:00:27]} 36. Qd3 {[%clk 00:06:51] [%emt 00:00:14]} Kg7 {[%clk 00:03:05]
[%emt 00:00:36]} 37. Qd5 {[%clk 00:05:40] [%emt 00:01:41]} Nd4 {[%clk 00:01:33]
[%emt 00:02:02]} 38. Bd1 {[%clk 00:05:03] [%emt 00:01:07]} Kh7 {[%clk 00:01:09]
[%emt 00:00:54]} 39. gxh4 {[%clk 00:03:08] [%emt 00:02:26]} Bxh4 {[%clk
00:00:47] [%emt 00:00:52]} 40. Bxd4 {[%clk 00:02:53] [%emt 00:00:44]} exd4
{[%clk 00:01:15] [%emt 00:00:02]} 41. e5 {[%clk 00:02:18] [%emt 00:01:05]} d3
{[%clk 00:47:39] [%emt 00:04:05]} 1/2-1/2

[Site "Europe Echecs"]

[Event "Grand Swiss "]
[Date "2025.09.06"]
[White "Bluebaum, Matthias"]
[Black "Hammer, Jon Ludvig"]
[WhiteElo "2671"]
[BlackElo "2618"]
[Round "3.3.28"]
[Result "1-0"]

1. d4 {[%clk 01:40:57]} Nf6 {[%clk 01:40:52] [%emt 00:00:08]} 2. c4 {[%clk
01:41:23] [%emt 00:00:04]} e6 {[%clk 01:41:15] [%emt 00:00:07]} 3. Nf3 {[%clk
01:41:49]} d5 {[%clk 01:41:36] [%emt 00:00:14]} 4. Nc3 {[%clk 01:42:13]} Bb4
{[%clk 01:37:49] [%emt 00:04:23]} 5. Qa4+ {[%clk 01:42:15]} Nc6 {[%clk 01:38:11]
[%emt 00:00:36]} 6. e3 {[%clk 01:42:41]} O-O {[%clk 01:37:25] [%emt 00:01:18]}
7. Qc2 {[%emt 00:01:09]} Ne7 {[%clk 01:32:25] [%emt 00:04:31]} 8. Bd2 {[%clk
01:43:09] [%emt 00:00:23]} b6 {[%clk 01:31:20] [%emt 00:01:36]} 9. a3 {[%clk
01:43:09] [%emt 00:00:29]} Bxc3 {[%clk 01:31:11] [%emt 00:00:39]} 10. Bxc3
{[%clk 01:43:33] [%emt 00:00:06]} a5 {[%clk 01:30:35] [%emt 00:01:06]} 11. cxd5
{[%clk 01:38:30] [%emt 00:05:32]} Qxd5 {[%clk 01:19:17] [%emt 00:11:49]} 12. Bd2
{[%clk 01:35:11] [%emt 00:03:48]} c5 {[%clk 01:17:17] [%emt 00:02:30]} 13. dxc5
{[%clk 01:34:57] [%emt 00:00:44]} Ba6 {[%clk 01:08:50] [%emt 00:08:57]} 14. Bxa6
{[%clk 01:31:36] [%emt 00:03:51]} Rxa6 {[%clk 01:09:13] [%emt 00:00:07]} 15.
cxb6 {[%clk 01:29:10] [%emt 00:02:56]} Ne4 {[%clk 00:50:10] [%emt 00:19:33]} 16.
Rd1 {[%clk 01:20:09] [%emt 00:09:31]} Qc6 {[%clk 00:42:24] [%emt 00:08:16]} 17.
Rc1 {[%clk 01:12:09] [%emt 00:08:29]} Qb7 {[%clk 00:33:15] [%emt 00:09:40]} 18.
Qc7 {[%clk 01:04:05] [%emt 00:08:33]} Rxb6 {[%clk 00:33:24] [%emt 00:00:22]} 19.
Qxb7 {[%clk 01:03:42] [%emt 00:00:53]} Rxb7 {[%clk 00:33:52] [%emt 00:00:02]}
20. Bxa5 {[%clk 01:01:23] [%emt 00:02:49]} Nd5 {[%clk 00:18:09] [%emt 00:16:13]}
21. Rc2 {[%clk 00:57:07] [%emt 00:04:45]} Ra8 {[%clk 00:05:55] [%emt 00:12:44]}
22. O-O {[%clk 00:56:16] [%emt 00:01:20]} h6 {[%clk 00:05:12] [%emt 00:01:15]}
23. b4 {[%clk 00:54:41] [%emt 00:02:05]} Nec3 {[%clk 00:05:27] [%emt 00:00:14]}
24. Nd4 {[%clk 00:48:09] [%emt 00:07:02]} 1-0

[Site "Europe Echecs"]

[Event "Grand Swiss "]
[Date "2025.09.06"]
[White "Najer, Evgeniy"]
[Black "Murzin, Volodar"]
[WhiteElo "2613"]
[BlackElo "2670"]
[Round "3.3.29"]
[Result "1/2-1/2"]

1. d4 {[%clk 01:40:56] [%emt 00:00:03]} d5 {[%clk 01:40:55] [%emt 00:00:06]} 2.
c4 {[%clk 01:40:58] [%emt 00:00:28]} c6 {[%clk 01:41:20] [%emt 00:00:05]} 3. Nf3
{[%clk 01:41:18] [%emt 00:00:10]} Nf6 {[%clk 01:41:44] [%emt 00:00:07]} 4. Nc3
{[%clk 01:41:40] [%emt 00:00:07]} e6 {[%clk 01:42:08] [%emt 00:00:07]} 5. Bg5
{[%clk 01:41:51] [%emt 00:00:18]} h6 {[%clk 01:42:32] [%emt 00:00:07]} 6. Bh4
{[%clk 01:41:57] [%emt 00:00:24]} Be7 {[%clk 01:42:55] [%emt 00:00:06]} 7. e3
{[%clk 01:42:08] [%emt 00:00:19]} O-O {[%clk 01:42:23] [%emt 00:01:03]} 8. Bd3
{[%clk 01:41:01] [%emt 00:01:37]} Nbd7 {[%clk 01:42:22] [%emt 00:00:31]} 9. O-O
{[%clk 01:41:20] [%emt 00:00:11]} dxc4 {[%clk 01:42:46] [%emt 00:00:06]} 10.
Bxc4 {[%clk 01:41:41] [%emt 00:00:08]} b5 {[%clk 01:43:12] [%emt 00:00:04]} 11.
Bd3 {[%clk 01:41:19] [%emt 00:00:52]} Bb7 {[%clk 01:43:35] [%emt 00:00:08]} 12.
Rc1 {[%clk 01:41:43] [%emt 00:00:06]} Rc8 {[%clk 01:44:00] [%emt 00:00:06]} 13.
Ne5 {[%clk 01:40:49] [%emt 00:01:23]} Nxe5 {[%clk 01:43:53] [%emt 00:00:37]} 14.
dxe5 {[%clk 01:41:13] [%emt 00:00:06]} Nd7 {[%clk 01:44:18] [%emt 00:00:05]} 15.
Bxe7 {[%clk 01:41:20] [%emt 00:00:23]} Qxe7 {[%clk 01:44:43] [%emt 00:00:05]}
16. f4 {[%clk 01:41:41] [%emt 00:00:09]} f5 {[%clk 01:44:57] [%emt 00:00:17]}
17. e4 {[%clk 01:41:31] [%emt 00:00:40]} b4 {[%clk 01:44:30] [%emt 00:00:56]}
18. exf5 {[%clk 01:41:37] [%emt 00:00:24]} bxc3 {[%clk 01:37:18] [%emt
00:07:43]} 19. Rxc3 {[%clk 01:41:37] [%emt 00:00:30]} Nc5 {[%clk 00:53:47] [%emt
00:44:01]} 20. f6 {[%clk 01:38:48] [%emt 00:03:19]} gxf6 {[%clk 00:54:01] [%emt
00:00:17]} 21. Bc2 {[%emt 00:24:10]} f5 {[%clk 00:51:33] [%emt 00:02:52]} 22.
Rh3 {[%clk 00:31:24] [%emt 00:44:20]} Rcd8 {[%clk 00:41:35] [%emt 00:10:28]} 23.
Qh5 {[%clk 00:28:00] [%emt 00:03:54]} Rf7 {[%clk 00:39:09] [%emt 00:02:56]} 24.
b4 {[%clk 00:24:50] [%emt 00:03:40]} Ne4 {[%clk 00:21:25] [%emt 00:18:13]} 25.
Bxe4 {[%clk 00:17:34] [%emt 00:07:46]} fxe4 {[%clk 00:21:40] [%emt 00:00:16]}
26. Qxh6 {[%clk 00:15:46] [%emt 00:02:18]} Rh7 {[%clk 00:21:18] [%emt 00:00:51]}
27. Qg6+ {[%clk 00:15:04] [%emt 00:01:13]} Rg7 {[%clk 00:21:27] [%emt 00:00:21]}
28. Qh6 {[%clk 00:14:41] [%emt 00:00:54]} Rh7 {[%clk 00:09:40] [%emt 00:12:17]}
29. Qg6+ {[%clk 00:15:09] [%emt 00:00:02]} Rg7 {[%clk 00:10:04] [%emt 00:00:05]}
30. Qh6 {[%clk 00:15:24] [%emt 00:00:16]} Rh7 {[%clk 00:05:36] [%emt 00:04:58]}
31. Qg6+ {[%clk 00:14:23] [%emt 00:01:31]} 1/2-1/2

[Site "Europe Echecs"]